MARC details
| 000 -CABECERA |
| campo de control de longitud fija |
00767nam a2200217 a 4500 |
| 001 - NÚMERO DE CONTROL |
| campo de control |
000008984 |
| 005 - FECHA Y HORA DE LA ÚLTIMA TRANSACCIÓN |
| campo de control |
20250224110755.0 |
| 008 - DATOS DE LONGITUD FIJA--INFORMACIÓN GENERAL |
| campo de control de longitud fija |
090922s2008 ck a 000 0 spa d |
| 020 ## - NÚMERO INTERNACIONAL ESTÁNDAR DEL LIBRO |
| Número Internacional Estándar del Libro |
9789586773713 |
| 040 ## - FUENTE DE LA CATALOGACIÓN |
| Centro catalogador/agencia de origen |
DO-SdBNP |
| Lengua de catalogación |
spa |
| Centro/agencia transcriptor |
BNPHU |
| 082 ## - NÚMERO DE LA CLASIFICACIÓN DECIMAL DEWEY |
| Número de clasificación |
796 |
| Número de documento/Ítem |
D422 |
| 245 00 - MENCIÓN DE TÍTULO |
| Título |
Deporte y salud familiar / |
| Mención de responsabilidad, etc. |
editor Gustavo de Elorza Martínez. |
| 260 ## - PUBLICACIÓN, DISTRIBUCIÓN, ETC. |
| Lugar de publicación, distribución, etc. |
Colombia : |
| Nombre del editor, distribuidor, etc. |
Zamora Editores, |
| Fecha de publicación, distribución, etc. |
2008. |
| 300 ## - DESCRIPCIÓN FÍSICA |
| Extensión |
v. : |
| Otras características físicas |
il. ; |
| Dimensiones |
27 cm + |
| Material acompañante/anejo |
cd-rom |
| 505 2# - NOTA DE CONTENIDO CON FORMATO |
| Información miscelánea |
v.1: Salud y tiempo libre -- |
| -- |
v.2: Historia y técnica deportiva -- |
| -- |
v.3: Disciplina deportiva -- |
| -- |
v.4: Gimnasia para la vida |
| 650 #4 - PUNTO DE ACCESO ADICIONAL DE MATERIA--TÉRMINO DE MATERIA |
| Término de materia o nombre geográfico como elemento de entrada |
Deporte |
| 9 (RLIN) |
23592 |
| 650 #0 - PUNTO DE ACCESO ADICIONAL DE MATERIA--TÉRMINO DE MATERIA |
| Término de materia o nombre geográfico como elemento de entrada |
Salud |
| 9 (RLIN) |
1687 |
| 650 #0 - PUNTO DE ACCESO ADICIONAL DE MATERIA--TÉRMINO DE MATERIA |
| Término de materia o nombre geográfico como elemento de entrada |
Nutrición |
| 9 (RLIN) |
12779 |
| 700 12 - PUNTO DE ACCESO ADICIONAL--NOMBRE DE PERSONA |
| Nombre de persona |
Elorza Martínez, Gustavo, |
| Término indicativo de función/relación |
ed. |
| 9 (RLIN) |
23593 |
| 910 ## - DATOS DE OPCIÓN DEL USUARIO (OCLC) |
| Datos de opción del usuario |
Validado. Control de calidad MFF |